00745nam a2200253Ia 4500003000900000008004100009040001300050040001300063041000800076100001900084100000900103245004800112250001100160260001100171260000900182300001100191300001200202490002800214490000700242700002100249942000700270999001700277952019700294IT-RoPAU120407s9999 xx 000 0 und d aIT-RoPAU cIT-RoPAU aita aGianni Vattimo ccur. aSaggi e discorsi. A cura di Gianni Vattimo. aMilano aMursia c1976 a195 p. c22,5 cm aBiblioteca di filosofia v19 aMartin Heidegger cBK c28129d28129 00102ddc406193_70000000000000071aPAULUSbPAULUSd2012-04-11l0o193.7r2012-04-11 00:00:00w2012-04-11yBKzInserito da: Jole In data: 27 settembre 2011 fondo: Via A.Severo 56 Progr:31627